Kórejský zázrak na export

Cieľ globalizačného plánu automobilového koncernu Daewoo Motor Co. Modernizácia domácich závodov a vytvárania samostatného vývojového strediska. Cenová stratégia. Expanzia spoločnosti na zahraničné trhy. Priame investície v Poľsku, Česku, Rumunsku a na Ukrajine. Investície v oblasti priemyslu, obcho...

Descrizione completa

Salvato in:
Dettagli Bibliografici
Autore principale: Andrejčák, Tomáš
Natura: Capitolo di libro
Lingua:slovacco
Soggetti:
Tags: Aggiungi Tag
Nessun Tag, puoi essere il primo ad aggiungerne!!

MARC

LEADER 00000naa a2200000 4500
001 r028181
005 20251104124505.2
041 0 |a slo 
044 |a SK 
245 1 0 |a Kórejský zázrak na export  |c Tomáš Andrejčák 
520 |a Cieľ globalizačného plánu automobilového koncernu Daewoo Motor Co. Modernizácia domácich závodov a vytvárania samostatného vývojového strediska. Cenová stratégia. Expanzia spoločnosti na zahraničné trhy. Priame investície v Poľsku, Česku, Rumunsku a na Ukrajine. Investície v oblasti priemyslu, obchodu a služieb. Základná filozofia korporácie Daewoo. Plán objemu produkcie. 
610 2 0 |a Daewoo Motor Co. 
610 2 0 |a Kórea 
610 2 0 |a priemysel automobilový 
610 2 0 |a globalizácia 
610 2 0 |a modernizácia zariadenia výrobného 
610 2 0 |a trh zahraničný 
610 2 0 |a investície priame zahraničné 
610 2 0 |a SVE 
610 2 0 |a Poľsko 
610 2 0 |a Česko 
610 2 0 |a Rumunsko 
610 2 0 |a Ukrajina 
610 2 0 |a výroba 
100 1 |a Andrejčák, Tomáš